000 00683nam a2200181 i 4500
001 59681
003 ES-MaACL
005 20230906164059.0
007 t|
008 031030s1984 fr ||||1| fre d
020 _a92-64-22608-7
245 0 2 _aL'énergie nucléaire et l'opinion publique
_b: un rapport du Secrétariat de l'AEN.
260 _aParis :
_bAgence pour l'Energie Nucleaire, Organisation de Coopération et de Développement Economiques,
_c1984.
300 _a121 p. ;
_c23 cm.
650 4 _aEnergía nuclear.
_912254
710 2 _aOrganización de Cooperación y Desarrollo Económico.
_bAgencia de la Energía Nuclear.
_96055
852 _aES-MaACL
_jL-10265
_bR.112189
999 _c59681
_d59681